Management of decentralised sector : (Record no. 15829)
[ view plain ]
| 000 -LEADER | |
|---|---|
| fixed length control field | 00794nam a2200253 a 4500 |
| 001 - CONTROL NUMBER | |
| control field | 15829 |
| 003 - CONTROL NUMBER IDENTIFIER | |
| rucl marc code | BD-RjUL |
| 005 - DATE AND TIME OF LATEST TRANSACTION | |
| control field | 20211208235908.0 |
| 008 - FIXED-LENGTH DATA ELEMENTS--GENERAL INFORMATION | |
| fixed length control field | 140211s1981 ii b 000 0 eng d |
| 035 ## - SYSTEM CONTROL NUMBER | |
| System control number | (BD-RjUL)15884 |
| 040 ## - CATALOGING SOURCE | |
| Original cataloging agency | DLC |
| Transcribing agency | DLC |
| Modifying agency | DLC |
| -- | BD-RjUL |
| Language of cataloging | eng |
| 041 ## - LANGUAGE CODE | |
| Language code of text/sound track or separate title | eng |
| 082 00 - DEWEY DECIMAL CLASSIFICATION NUMBER | |
| Classification number | 658.3 |
| Edition number | 19 |
| Author mark and year | MAN 1981 |
| 245 00 - TITLE STATEMENT | |
| Title | Management of decentralised sector : |
| Remainder of title | case of handlooms / |
| Statement of responsibility, etc. | Rakesh Khurana ... [et al.]. |
| 260 ## - PUBLICATION, DISTRIBUTION, ETC. (IMPRINT) | |
| Place of publication, distribution, etc. | New Delhi : |
| Name of publisher, distributor, etc. | Oxford & IBH, |
| Date of publication, distribution, etc. | c1981 |
| 300 ## - PHYSICAL DESCRIPTION | |
| Pagination | ix, 525 p. ; |
| Size | 22 cm. |
| 504 ## - BIBLIOGRAPHY, ETC. NOTE | |
| Bibliography, etc | Bibliography: p. 32. |
| 650 #0 - SUBJECT ADDED ENTRY--TOPICAL TERM | |
| Topical term or geographic name as entry element | Handloom industry |
| Geographic subdivision | India |
| General subdivision | Management. |
| 9 (RLIN) | 49094 |
| Topical term or geographic name as entry element | Cottage industries |
| Geographic subdivision | India |
| General subdivision | Management. |
| 9 (RLIN) | 49095 |
| 700 1# - ADDED ENTRY--PERSONAL NAME | |
| Personal name | Khurana, Rakesh, |
| Dates associated with a name | 1948- |
| 942 ## - ADDED ENTRY ELEMENTS (KOHA) | |
| Source of classification or shelving scheme | Dewey Decimal Classification |
| Koha item type | Books |
| Lost status | Source of classification or shelving scheme | Damaged status | Not for loan | Collection code | Permanent Location | Current Location | Shelving location | Date acquired | Source of acquisition | Cost, normal purchase price | Total Checkouts | Full call number | Date last seen | Copy number | Koha item type |
|---|---|---|---|---|---|---|---|---|---|---|---|---|---|---|---|
| Dewey Decimal Classification | Non-fiction | Central Library, University of Rajshahi | Central Library, University of Rajshahi | 27/07/1982 | Alisah lib.raj. | 375.00 | 658.3 MAN 1981 | 11/02/2014 | C-3 | Books | |||||
| Dewey Decimal Classification | Not For Loan | Non-fiction | Central Library, University of Rajshahi | Central Library, University of Rajshahi | Reading Room | 27/07/1982 | Alighar Library, Rajshahi | 375.00 | 658.3 MAN 1981 | 02/01/2017 | C-1 | Books | |||
| Dewey Decimal Classification | Non-fiction | Central Library, University of Rajshahi | Central Library, University of Rajshahi | 27/07/1982 | Ali garh library, rajshahi | 375.00 | 658.3 MAN 1981 | 16/07/2019 | C-2 | Books | |||||
| Dewey Decimal Classification | Non-fiction | Central Library, University of Rajshahi | Central Library, University of Rajshahi | 27/07/1982 | Ali garh library, rajshahi | 375.00 | 658.3 MAN 1981 | 16/07/2019 | C-4 | Books | |||||
| Dewey Decimal Classification | Non-fiction | Central Library, University of Rajshahi | Central Library, University of Rajshahi | 27/07/1982 | Ali garh library, rajshahi | 375.00 | 658.3 MAN 1981 | 16/07/2019 | C-5 | Books |